000 00326nam a2200133Ia 4500
005 20260328101515.0
008 260328s9999||||xx |||||||||||||| ||und||
100 _aKlee, Paul
245 0 _aPedagogical Sketchbook /
_cPaul Klee
260 _bFaber & Faber
300 _a60 p.
650 _aARQUITECTURA - ELEMENTOS
942 _cBK
999 _c9348
_d9348